LIBRARY & INFORMATION CENTRE, KCAET, TAVANUR

ONLINE PUBLIC ACCESS CATALOGUE (OPAC)

Elements of photogrammetry: With air photo laleepretation and remote sensing / (Record no. 10761)

MARC details
000 -LEADER
fixed length control field 00490cam a2200169ua 4500
020 ## - INTERNATIONAL STANDARD BOOK NUMBER
ISBN 0-07-071345-6
041 ## - LANGUAGE CODE
Language code of text/sound track or separate title eng
082 ## - DEWEY DECIMAL CLASSIFICATION NUMBER
Classification number 526.982
Item number WOL/EL
100 ## - MAIN ENTRY--AUTHOR NAME
Personal name Wolf, Paul R .
245 ## - TITLE STATEMENT
Title Elements of photogrammetry: With air photo laleepretation and remote sensing /
250 ## - EDITION STATEMENT
Edition statement 2 /
260 ## - PUBLICATION, DISTRIBUTION, ETC. (IMPRINT)
Place of publication Singapore :
Name of publisher McGraw-Hill International Book Company ,
Year of publication 1986.
300 ## - PHYSICAL DESCRIPTION
Number of Pages 628 ; .
942 ## - ADDED ENTRY ELEMENTS (KOHA)
Koha item type Books
Holdings
Withdrawn status Lost status Damaged status Home library Current library Date acquired Full call number Accession Number Koha item type
      KAUAET KAUAET 07/04/2012 526.982 WOL/EL 15698 Books
free website counter